000 02511cam a22004934a 4500
001 5768395
003 ARRUPE
005 20150220020008.0
008 051122s2006 enk b 001 0 eng
010 _a 2005033621
015 _aGBA599361
_2bnb
016 7 _a013343392
_2Uk
020 _a1845203801 (paper)
020 _a1845203798 (cloth)
024 3 _a9781845203801
_c(paper)
024 3 _a9781845203795
_c(cloth)
035 _a(OCoLC)ocm62344837
035 _a(NNC)5768395
040 _aDLC
_cDLC
_dUKM
_dBWKUK
_dBAKER
_dCOO
_dOCLCQ
041 1 _aeng
_hfre
042 _apcc
050 0 0 _aGT511
_b.B363 2006
082 0 0 _a391
_222
100 1 _aBarthes, Roland.
_913011
245 1 4 _aThe language of fashion /
_cRoland Barthes ; translated by Andy Stafford ; edited by Andy Stafford and Michael Carter.
250 _aEnglish ed.
260 _aOxford ;
_aNew York :
_bBerg,
_c2006.
300 _axiii, 183 p. ;
_c20 cm.
500 _a"Published in association with Power Publications, Sydney"--T.p. verso.
504 _aIncludes bibliographical references (p. [167]-171) and index.
505 0 _aClothing history -- History and sociology of clothing : some methodological observations -- Language and clothing -- Towards sociology of dress -- Systems and structures -- 'Blue is in fashion this year' : a note on research into signifying units in fashion clothing -- From gemstones to jewellery -- Dandyism and fashion -- [An early preface to] The fashion system -- Fashion, a strategy of desire : round-table discussion with Roland Barthes, Jean Duvignaud and Henri Lefebvre -- Fashion and the social sciences (interview) -- On the fashion system (interview) -- Fashion debates and interpretations -- The contest between Chanel and Courrèges : refereed by a philosopher -- A case of cultural criticism -- Showing how rhetoric works -- Clothes, fashion and system in the writings of Roland Barthes : 'something out of nothing' / Andy Stafford.
546 _aTranslated from the French.
650 0 _aClothing and dress
_xSocial aspects.
_913012
650 0 _aClothing and dress
_xHistory.
_913013
650 0 _aFashion
_xSocial aspects.
_913014
650 0 _aFashion
_xHistory.
_913015
700 1 _aStafford, Andy.
_913016
700 1 _aCarter, Michael.
_913017
710 2 _aPower Publications.
_913018
856 4 1 _3Table of contents
_uhttp://www.loc.gov/catdir/toc/ecip064/2005033621.html
942 _2lcc
_cMONOGRAPH
_01
948 1 _a20060818
_bc
_cfra1
_dSCMC
999 _c121373
_d121373